00532nam a2200205 a 4500001001300000003000900013005001700022008004100039020001000080082002300090100002400113245002900137260003100166300000800197500003500205505001300240650002700253650002200280700002400302nice12345678IN_TiNIC20260116011307.0050524s1945 laha grp 000 0 eng  ac10000a323.39710954bAHM1 aAhmad, Jamil-Ud-Din aSome Aspects of Pakistan aLahorebAshraf Pressc1945 a28p aincludes index and biblioraphy2 aAppendix aMuslims-India-Politics aPakistan-Movement1 aAhmad, Jamil-Ud-Din